MARC details
| 000 -LEADER |
| fixed length control field |
01062cam a2200313 i 4500 |
| 003 - CONTROL NUMBER IDENTIFIER |
| control field |
TR-AnTOB |
| 005 - DATE AND TIME OF LATEST TRANSACTION |
| control field |
20230828101745.0 |
| 008 - FIXED-LENGTH DATA ELEMENTS--GENERAL INFORMATION |
| fixed length control field |
230605s2015 oa||| ||| 000 0 tur d |
| 022 ## - INTERNATIONAL STANDARD SERIAL NUMBER |
| International Standard Serial Number |
1300-9206 |
| 040 ## - CATALOGING SOURCE |
| Original cataloging agency |
TR-AnTOB |
| Language of cataloging |
eng |
| Description conventions |
rda |
| Transcribing agency |
TR-AnTOB |
| 041 0# - LANGUAGE CODE |
| Language code of text/sound track or separate title |
Türkçe |
| 050 1# - LIBRARY OF CONGRESS CALL NUMBER |
| Classification number |
NX565.A1 |
| 090 ## - LOCALLY ASSIGNED LC-TYPE CALL NUMBER (OCLC); LOCAL CALL NUMBER (RLIN) |
| Classification number (OCLC) (R) ; Classification number, CALL (RLIN) (NR) |
NX565.A1 |
| Local cutter number (OCLC) ; Book number/undivided call number, CALL (RLIN) |
A83 2015 |
| 245 00 - TITLE STATEMENT |
| Title |
Atatürk Üniversitesi Güzel Sanatlar Enstitüsü dergisi: |
| Remainder of title |
Prof. Dr. Fahri Işık özel sayısı. |
| 264 #1 - PRODUCTION, PUBLICATION, DISTRIBUTION, MANUFACTURE, AND COPYRIGHT NOTICE |
| Place of production, publication, distribution, manufacture |
Erzurum : |
| Name of producer, publisher, distributor, manufacturer |
Atatürk Üniversitesi Güzel Sanatlar Enstitüsü, |
| Date of production, publication, distribution, manufacture, or copyright notice |
2015. |
| 300 ## - PHYSICAL DESCRIPTION |
| Extent |
315 pages : |
| Other physical details |
photographs ; |
| Dimensions |
23 cm |
| 310 ## - CURRENT PUBLICATION FREQUENCY |
| Current publication frequency |
Irregular. |
| 336 ## - CONTENT TYPE |
| Source |
rdacontent |
| Content type term |
text |
| Content type code |
txt |
| 337 ## - MEDIA TYPE |
| Source |
rdamedia |
| Media type term |
unmediated |
| Media type code |
n |
| 338 ## - CARRIER TYPE |
| Source |
rdacarrier |
| Carrier type term |
volume |
| Carrier type code |
nc |
| 362 ## - DATES OF PUBLICATION AND/OR SEQUENTIAL DESIGNATION |
| Dates of publication and/or sequential designation |
Sayı 1 (1994)- |
| 500 ## - GENERAL NOTE |
| General note |
"Yıl: 2015 Sayı:35" |
| 600 10 - SUBJECT ADDED ENTRY--PERSONAL NAME |
| Personal name |
Işık, Fahri, |
| Dates associated with a name |
1944- |
| 9 (RLIN) |
142125 |
| 650 #7 - SUBJECT ADDED ENTRY--TOPICAL TERM |
| Topical term or geographic name entry element |
Sanat |
| Form subdivision |
Süreli yayınlar |
| Source of heading or term |
etuturkob |
| 9 (RLIN) |
72879 |
| 740 #0 - ADDED ENTRY--UNCONTROLLED RELATED/ANALYTICAL TITLE |
| Uncontrolled related/analytical title |
Güzel Sanatlar Enstitüsü dergisi |
| 856 ## - ELECTRONIC LOCATION AND ACCESS |
| Uniform Resource Identifier |
<a href="https://dergipark.org.tr/tr/pub/ataunigsed/issue/45076">https://dergipark.org.tr/tr/pub/ataunigsed/issue/45076</a> |
| 942 ## - ADDED ENTRY ELEMENTS (KOHA) |
| Source of classification or shelving scheme |
Library of Congress Classification |
| Koha item type |
Book |